| 000 | 00931nam a2200313Ia 4500 | ||
|---|---|---|---|
| 001 | Para_6325 | ||
| 003 | CHAP | ||
| 008 | 220125s1984 xx 000 0 und d | ||
| 010 | _a205056 | ||
| 040 | _cCHAP | ||
| 082 | _aPA 595.7 R5y | ||
| 100 |
_aRichards, O.W. _9164204 |
||
| 245 |
_aTratado de entomología Imms / _c por O. W. R. y R. G. Davies |
||
| 260 |
_aBarcelona : _b Omega |
||
| 300 | _a2v. | ||
| 505 | _aContenido: v.1 Estructura, fisiología y desarrollo / v.2 Clasificación y biología | ||
| 650 |
_aEntomología _937113 |
||
| 650 |
_aInsectos _x anatomía y fisología _9164667 |
||
| 650 |
_aInsectos _x biología _958897 |
||
| 650 |
_aInsectos _x Clasificación _9171003 |
||
| 700 |
_aDavies, R.G. _931227 |
||
| 901 | _aPA 595.7 R5Y | ||
| 902 | _aA | ||
| 905 | _a0000001984 0000000000 00 | ||
| 910 | _a1984 | ||
| 942 | _cPARA | ||
| 942 |
_cPARA _d1 |
||
| 999 |
_c205056 _d205056 |
||